Quiz sur Israël - Statistiques

Statistiques générales
  • Ce quiz a été pris 17 944 fois
  • Le résultat moyen est 12 sur 20
Statistiques - réponses
Question Réponse % Correct
Capitale officielle, non-reconnue par certains Jérusalem
98%
Langue officielle Hébreu
91%
Mers qui bordent Israël Mer Méditerranée
85%
Objet qui figure sur le drapeau Étoile de {David}
83%
Deux villes côtières les plus peuplées Tel Aviv
83%
Mers qui bordent Israël Mer Rouge
79%
Lac très salé situé à 430 mètres en dessous du niveau de la mer Mer Morte
69%
Mouvement ayant abouti à la création d'Israël en 1948 {Sion}isme
60%
Méthode d'auto-défense utilisée par l'armée israélienne {Krav}-maga
58%
Nom donné aux services de renseignements israéliens Mossad
57%
Fleuve qui constitue la frontière entre Israël et la Jordanie Jourdain
53%
Péninsule qu'Israël a rétrocédé à l'Égypte en 1982 Sinaï
53%
Premier ministre entre 2009 et 2021, et depuis 2022 Benyamin Netanyahou
52%
Guerre remportée par Israël en 1973 Guerre du Kippour
51%
Guerre remportée par Israël en 1967 Guerre des Six-Jours
48%
Deux villes côtières les plus peuplées Haifa
33%
Premier ministre assassiné en 1995 Yitzhak Rabin
29%
Lac sur lequel Jésus aurait marché, selon la Bible Lac de {Tibériade}
26%
Devise monétaire Shekel
26%
Désert qui recouvre la moitié sud d'Israël Néguev
19%
Aucun quiz correspondant
Distribution des résultats
% des personnes avec chaque résultat
Percentile par nombre de réponses
Votre historique - résultats
Vous n’avez pas pris ce quiz